| 000 | 00717cam a2200205 4500 | ||
|---|---|---|---|
| 001 | WS108124 | ||
| 008 | 000000n 000 0 eng u | ||
| 035 | _a(Sirsi) u108124 | ||
| 245 | _aWorld factbook | ||
| 520 | _aSite for this CIA publication which has sections on every country in the world giving details of their geography, people, governments, economy, communications and transport. | ||
| 650 | _aECONOMICS | ||
| 650 | _aGEOGRAPHY | ||
| 650 | _aSTATISTICS | ||
| 650 | _aCOMMUNICATIONS | ||
| 650 | _aTRANSPORT | ||
| 650 | _aDEMOGRAPHICS | ||
| 690 | _aINTERNATIONAL | ||
| 856 | 4 | 0 |
_uhttps://www.cia.gov/cia/publications/factbook/index.html _zView the website free of charge at www.cia.gov... |
| 942 | _n0 | ||
| 999 |
_c119631 _d119631 |
||